000 00570nam a22001937a 4500
999 _c170598
_d170598
005 20191218122007.0
010 _aA-412371
020 _c100.00
035 _aA-412371
037 _bBPPD/Pub.
082 _a840.8
100 _aنہرو ، جواہر لعل
245 _aمعیارو تحقیق /
_cایڑیٹر - ے ار بیدار
246 _aMiyar-o-Tahqiq (Urdu) /
_bedited by A.R. Bedar
260 _aPatna
_bIdara-E-Tahqiqat-E-Urdu
_c1989 ء
270 _a-
_bPatna
_e-
300 _a635p.
_c21cm(Hb)
942 _2ddc
_cUR
_h840.8
_mم ع ی